000 01009nam a2200241 i 4500
001 88991
003 ES-MaACL
005 20250726220146.0
007 t|
008 050121s2004 sp a ||||1| spa d
080 _a782.1(083.97)
245 0 3 _aLa Dolores
_b: ópera española en tres actos /
_clibreto de Tomás Bretón basado en la obra teatral de Feliu y Codina estrenada en el Teatro de la Zarzuela de Madrid el 16 de marzo de 1895 ; edición crítica de Angel Oliver.
260 _a[Madrid] :
_bTeatro Real,
_c2004.
300 _a177 p. :
_bil. col. y n. ;
_c24 cm.
500 _aTeatro Real, temporada 2004-2005 en anteportada.
500 _aPrograma de las representaciones habidas los días 29 de septiembre, 1,2,3,5,6,8,9,13,15 de octubre de 2004.
650 4 _aÓperas-
_xProgramas.
_9170038
700 1 _aBretón, Tomás,
_d1850-1923
_931633
700 1 _aOliver, Angel.
_986802
710 2 _aTeatro Real (Madrid)
_96926
852 _aES-MaACL
_jL-28619
999 _c88991
_d88991